Marvel: Avengers Alliance - Villains Quiz - Statistics

General Stats
  • This quiz has been taken 48 times
  • The average score is 43 of 135
Answer Stats
Is it hero? Class Villain % Correct
Multiclass Thanos
100%
Lockbox Tactician Loki
92%
Blaster Sin / Skadi
85%
Hero transform Bruiser Venom
85%
Tactician Dr Octopus
81%
Tactician Red Skull
81%
Lockbox Tactician Magneto
77%
Lockbox Bruiser Sandman
77%
Tactician Vulture
77%
Lockbox Blaster Doctor Doom
73%
Lockbox Blaster Electro
73%
Scrapper Green Goblin
73%
Tactician Mystique
73%
Lockbox Tactician Ronan
73%
Generalist Ultron
73%
Bruiser Abomination
69%
Lockbox Bruiser Juggernaut
69%
Tactician Kingpin
69%
Lockbox Tactician Lizard
69%
Tactician Baron Zemo
65%
Scrapper Carnage
65%
Generalist (Bl, Ta, Sc) Dormammu
65%
Scrapper Karn
65%
Tactician The Leader
65%
Infiltrator Toad
65%
Lockbox Tactician Kang
62%
Multiclass Mandarin
62%
Blaster MODOK
62%
Lockbox Scrapper Sabretooth
62%
Scrapper Whiplash
62%
Blaster / Tactician Dark Hawkeye / Bullseye
58%
PvP Tactician Kraven
58%
Blaster Mephisto
58%
Lockbox Blaster Shocker
58%
Lockbox Infiltrator Winter Soldier
58%
Blaster Arnim Zola
54%
Bruiser Blob
54%
Tactician Hela
54%
Tactician Mysterio
54%
Lockbox Blaster Baron Mordo
50%
Lockbox Infiltrator Enchantress
50%
Infiltrator Malekith
50%
Generalist Apocalypse
46%
Scrapper Executioner
46%
Blaster Proxima Midnight
46%
Lockbox Generalist Taskmaster
46%
Infiltrator Viper
46%
Generalist Blackheart
42%
Scrapper Corvus Glaive
42%
Blaster Crimson Dynamo
42%
Tactician Baron Strucker
38%
Mission Infiltrator Morbius
38%
Bruiser Sebastian Shaw
38%
Scrapper Wrecker
38%
Bruiser Absorbing Man
35%
Tactician Dracula
35%
Bruiser Hydro-Man
35%
Bruiser Kurse
35%
Infiltrator Nebula
35%
Bruiser Piledriver
35%
Tactician Yellowjacket
35%
Bruiser Bulldozer
31%
Lockbox Infiltrator Elektra
31%
Tactician Mr Sinister
31%
Lockbox Scrapper Avalanche
27%
Blaster Surtur
27%
Tactician Thunderball
27%
Lockbox Bruiser Destroyer
23%
Blaster Hammer
23%
Infiltrator Arcade
19%
Lockbox Tactician Boomerang
19%
Suit Blaster Death
19%
Bruiser Man-Ape
19%
Lockbox Tactician Moonstone
19%
Suit Scrapper War
19%
Scrapper Batroc
15%
Lockbox Tactician Constrictor
15%
Infiltrator Grim Reaper
15%
Scrapper Hammerhead
15%
Generalist High Evolutionary
15%
Bruiser Black Dwarf
12%
Lockbox Blaster Blizzard
12%
Lockbox Blaster Fixer
12%
Scrapper Grey Gargoyle
12%
Lockbox Blaster Hybrid
12%
Tactician Jack O'Lantern
12%
Tactician Scream
12%
Infiltrator Selene
12%
Infiltrator Supergiant
12%
Infiltrator Vapor
12%
Blaster X-Ray
12%
Bruiser Ymir
12%
PvP Tactician & Infiltrator Beetle
8%
Generalist Bob
8%
Scrapper Dark Wolverine
8%
Generalist Flag-Smasher
8%
Infiltrator Hood
8%
Bruiser Ironclad
8%
Tactician Madame Masque
8%
Tactician Maximus the Mad
8%
Suit Generalist Nerkkod
8%
Suit Bruiser Nul
8%
Lockbox Scrapper Omega Sentinel
8%
Suit Infiltrator Pestilence
8%
Lockbox Infiltrator Satana
8%
Bruiser Titanium Man
8%
Blaster Vector
8%
Bruiser Zzzax
8%
Suit Infiltrator Angrir
4%
Generalist Bastion
4%
Infiltrator Bowman
4%
Tactician Count Nefaria
4%
Infiltrator Crimson Cowl
4%
Blaster Crossfire
4%
Tactician Cul Borson
4%
Infiltrator Dark Widow
4%
Blaster Dragoness
4%
Suit Generalist Famine
4%
Suit Scrapper Kuurth
4%
Generalist Living Monolith / Living Pharaoh
4%
Suit Bruiser Mokk
4%
Blaster Morgan le Fay
4%
Infiltrator Sauron
4%
Suit Scrapper Skirn
4%
Infiltrator Sugar Man
4%
Tactician Tactical Force
4%
Bruiser Dark Thor
0%
Mission Blaster Death Locket
0%
Suit Blaster Greithhoth
0%
Scrapper Militiant
0%
Bruiser Morlun
0%
Blaster Nitro
0%
Scrapper Savin
0%
Tactician Stegron
0%
Tactician Umar
0%
No matching quizzes found
Score Distribution
Percent of People with Each Score
Percentile by Number Answered
Your Score History
You have not taken this quiz